Movies Quiz

Random Movies or Director Quiz

Actor-Director Collaborations Quiz Stats

 Plays Quiz Updated Jan 25, 2019

Score 0/79 Timer 12:00
7 Plays Today
Actor-Director Pairing Movie % Correct
Quentin Tarantino and Uma ThurmanKill Bill: Vol. 1
85.1%
Quentin Tarantino and Uma ThurmanKill Bill: Vol. 2
85.1%
Ridley Scott and Russell CroweGladiator
81.4%
Christopher Nolan and Christian BaleThe Dark Knight
79.5%
Quentin Tarantino and Uma ThurmanPulp Fiction
76.6%
Francis Ford Coppola and Robert DuvallThe Godfather
76.3%
Christopher Nolan and Christian BaleThe Dark Knight Rises
74.6%
Christopher Nolan and Christian BaleBatman Begins
72.9%
Francis Ford Coppola and Robert DuvallThe Godfather Part II
67%
Tim Burton and Helena Bonham CarterAlice in Wonderland
65.7%
Martin Scorsese and Robert De NiroRaging Bull
64.1%
Martin Scorsese and Robert De NiroTaxi Driver
63.8%
Woody Allen and Diane KeatonAnnie Hall
63.5%
Martin Scorsese and Robert De NiroGoodfellas
60%
Steven Spielberg and Tom HanksSaving Private Ryan
59.7%
Mel Brooks and Gene
Wilder
Blazing Saddles
55.8%
Kevin Smith and Ben AffleckDogma
54.6%
Tim Burton and Helena Bonham CarterSweeney Todd: The Demon Barber of Fleet Street
53.8%
Alfred Hitchcock and James StewartVertigo
52.1%
Alfred Hitchcock and James StewartRear Window
52%
Wes Anderson and Bill MurrayThe Grand Budapest Hotel
50.6%
Mel Brooks and Gene
Wilder
Young Frankenstein
50.3%
Martin Scorsese and Robert De NiroCasino
46.3%
Elia Kazan and Marlon BrandoOn the Waterfront
45.4%
Kevin Smith and Ben AffleckChasing Amy
45.3%
Tim Burton and Helena Bonham CarterCorpse Bride
44.6%
Kevin Smith and Ben AffleckMallrats
44.1%
Wes Anderson and Bill MurrayMoonrise Kingdom
43.2%
Kevin Smith and Ben AffleckJay and Silent Bob Strike Back
42.8%
Steven Spielberg and Tom HanksBridge of Spies
42.6%
Wes Anderson and Bill MurrayThe Life Aquatic with Steve Zissou
41.7%
Ridley Scott and Russell CroweRobin Hood
38.5%
Elia Kazan and Marlon BrandoA Streetcar Named Desire
37.3%
Christopher Nolan and Christian BaleThe Prestige
36.9%
Kevin Smith and Ben AffleckClerks II
36.6%
Wes Anderson and Bill MurrayThe Royal Tenenbaums
36.5%
Wes Anderson and Bill MurrayIsle of Dogs
36.5%
Wes Anderson and Bill MurrayRushmore
36%
Francis Ford Coppola and Robert DuvallApocalypse Now
35.8%
Tim Burton and Helena Bonham CarterCharlie and the Chocolate Factory
35.6%
Actor-Director Pairing Movie % Correct
Steven Spielberg and Tom HanksThe Terminal
34.4%
Woody Allen and Diane KeatonManhattan
34.3%
Kevin Smith and Ben AffleckJersey Girl
33.3%
Martin Scorsese and Robert De NiroMean Streets
32.9%
Billy Wilder and Jack LemmonSome Like It Hot
32.3%
Steven Spielberg and Tom HanksCatch Me If You Can
32%
Tony Scott and Denzel WashingtonMan on Fire
31.8%
Tim Burton and Helena Bonham CarterDark Shadows
29.4%
Mel Brooks and Gene
Wilder
The Producers
28.4%
Ridley Scott and Russell CroweAmerican Gangster
28.1%
Steven Spielberg and Tom HanksThe Post
27.1%
Martin Scorsese and Robert De NiroCape Fear
27%
Billy Wilder and Jack LemmonThe Apartment
26.8%
Wes Anderson and Bill MurrayFantastic Mr. Fox
26.6%
Tim Burton and Helena Bonham CarterBig Fish
24.5%
Wes Anderson and Bill MurrayThe Darjeeling Limited
22.8%
Martin Scorsese and Robert De NiroThe King of Comedy
20.8%
Tim Burton and Helena Bonham CarterPlanet of the Apes
20.5%
Alfred Hitchcock and James StewartRope
18.7%
Tony Scott and Denzel WashingtonDeja Vu
18.4%
Woody Allen and Diane KeatonSleeper
17.5%
Martin Scorsese and Robert De NiroNew York, New York
14.9%
Alfred Hitchcock and James StewartThe Man Who Knew Too Much
14.8%
Ridley Scott and Russell CroweBody of Lies
14.4%
Tony Scott and Denzel WashingtonThe Taking of Pelham 1 2 3
14.3%
Woody Allen and Diane KeatonManhattan Murder Mystery
12.3%
Ridley Scott and Russell CroweA Good Year
11.4%
Tony Scott and Denzel WashingtonCrimson Tide
9.7%
Woody Allen and Diane KeatonLove and Death
8.9%
Woody Allen and Diane KeatonInteriors
7.4%
Tony Scott and Denzel WashingtonUnstoppable
6.6%
Woody Allen and Diane KeatonRadio Days
6%
Billy Wilder and Jack LemmonThe Fortune Cookie
5.6%
Elia Kazan and Marlon BrandoViva Zapata!
4.4%
Billy Wilder and Jack LemmonIrma la Douce
3.9%
Billy Wilder and Jack LemmonThe Front Page
3.4%
Billy Wilder and Jack LemmonAvanti!
3.1%
Billy Wilder and Jack LemmonBuddy Buddy
2.5%
Francis Ford Coppola and Robert DuvallThe Rain People
2.5%

You're not logged in!

Compare scores with friends on all Sporcle quizzes.
OR
Log In

Show Comments

Extras

Top Quizzes Today


Score Distribution

Your Account Isn't Verified!

In order to create a playlist on Sporcle, you need to verify the email address you used during registration. Go to your Sporcle Settings to finish the process.

Report this User

Report this user for behavior that violates our Community Guidelines.

Details: